000
00310nam a2200121Ia 4500
008
191201s2012 xx 000 0 und d
100
_a
RANI, Madhu
245
0
_a
Literature in English 1550-1660 MA(P) English
260
_a
N. Delhi
_b
Vikas Pub
_c
2012
300
_a
286
650
_a
General Books
942
_2
ddc
_c
BK
999
_c
289
_d
289